Hypotéky na Slovenskom trhu z pohľadu finančnej matematiky bakalárska práca

Enregistré dans:
Détails bibliographiques
Auteur principal: Krajči, Martin
Collectivité auteur: Fakulta hospodárskej informatiky EU. Katedra matematiky
Autres auteurs: Kaderová, Andrea
Format: Livre
Langue:slovaque
Publié: Bratislava 2011
Tags: Ajouter un tag
Pas de tags, Soyez le premier à ajouter un tag!

MARC

LEADER 00000nbm a2200000 4500
001 0140977
005 20161109111725.6
041 0 |a slo 
044 |a SK 
245 1 0 |a Hypotéky na Slovenskom trhu z pohľadu finančnej matematiky  |b bakalárska práca  |c Martin Krajči ; školiteľ: Andrea Kaderová 
264 1 |a Bratislava  |c 2011 
300 |a 44 s. 
100 1 |a Krajči, Martin 
700 1 |a Kaderová, Andrea 
710 2 |a Fakulta hospodárskej informatiky EU. Katedra matematiky